00760nam a22002177a 4500003000500000005001700005008004100022020001800063050002500081100002200106245006300128260003000191300005600221500003300277650002500310650002300335650002300358942001200381999001900393952013000412SISC20170601140903.0170601b xxu||||| |||| 00| 0 eng d a9781259253379 aQD 251.2b.C273 2017 aCarey, Francis A. aOrganic chemistry /cFrancis A. Carey, Robert M. Giuliano. aNY :bMcGraw Hill,c2017. axxv, 1155 pages :bcolorful illustrations ;c25 cm. aIncludes glossary and index. aChemistry, Organic.  aChimie organique.  aOrganic chemistry. 2lcccBK c335197d335197 00102lcc40aCLbCLcRESd2017-06-01eLibrary FundkRESl0oQD 251.2 .C273 2017pC20920r2018-05-15 00:00:00w2017-06-01yBK